000 01007nam a2200277Ia 4500
003 OSt
005 20221005111749.0
006 a|||||r|||| 00| 0
007 ta
008 221004b |||||||| |||| 00| 0 ben d
020 _c150
024 _a87394
037 _b41, 30/03/2007, Subham Prakashan
_cTextual
040 _aCRL
_cCRL
_bben
041 _2ben
_aben
082 _aO157,1N26w, 152P6
100 _aभट्टाचार्य, अशोक
245 0 _aसुकांत - कथा
246 _aSukāanta - kathā
260 _aमुंबई
_bसंवाद प्रकाशन भारत
_c2006
300 _a93पृ0
_ccm.
650 _aबंगाली साहित्य
700 _a बैनजी, उत्पल, अनु.
942 _hO157,1N26w, 152P6
_cTEXL
_2cc
999 _c1022811
_d1022811